00238nam a2200085Ia 4500245002700000100005800027942000700085008004100092999001900133 0aKom terug, my beminde  a STRYDOM, M. Pretoria, 1993 Grootdrukuitg 913326 cBK210818s9999 xx 000 0 und d c434861d434860